000 00350 a2200169 4500
001 184184
020 _a85-08-06117-X
040 _cMagnum
100 _aBandeira, Pedro
240 1 0 _aO grande desafio
_lpor
245 1 0 _aO grande desafio
300 _a142
362 0 _a2002
440 1 _aÁtica
697 _aLITERATURA JUVENIL
942 _cBK
999 _c184184
_d184184